Introducción al pensamiento de Teilhard de Chardin /

Pierre Teilhard de Chardin (1881-1955), filósofo, científico y teólogo francés. Jesuita cuyos ensayos sobre la reconciliación entre la fe y la teoría de la evolución provocaron las sospechas del Vaticano y que se le impidieron publicar en vida sus obras sobre temas religiosos. A la concepción materi...

תיאור מלא

שמור ב:
מידע ביבליוגרפי
מחבר ראשי: Tresmontant, Claude (autor)
מחברים אחרים: Gallegos Rocafull, José M. (prólogo y traducción) (prólogo y traducción)
פורמט: ספר
שפה:ספרדית
יצא לאור: México : UNAM, Dirección General de Publicaciones, 1958, c1958
סדרה:(Filosofía y Letras ; 33)
נושאים:
תגים: הוספת תג
אין תגיות, היה/י הראשונ/ה לתייג את הרשומה!

MARC

LEADER 00000nam^a2200000^a^4500
001 000182665
005 20250521000000.0
009 20260310102014.163
037 |a Acervo ITESO - Biblioteca 
041 |a ESP 
082 |a 146. 7  |b TEI CRI TRE 
100 |a Tresmontant, Claude  |e (autor) 
245 1 0 |a Introducción al pensamiento de Teilhard de Chardin /  |c C. Tresmontant ; pról. y tr. por J.M. Gallegos Rocafull. 
264 4 |a México :  |b UNAM, Dirección General de Publicaciones,  |c 1958, c1958 
300 |a 169 p. 
336 |a texto  |b txt  |2 rdacontenido 
337 |a sin mediación  |b n  |2 rdamedio 
338 |a volumen  |b nc  |2 rdasoporte 
440 1 |a (Filosofía y Letras ;  |v 33) 
500 |a Traducción de: Introduction â la pensée de Teilhard de Chardin 
520 |a Pierre Teilhard de Chardin (1881-1955), filósofo, científico y teólogo francés. Jesuita cuyos ensayos sobre la reconciliación entre la fe y la teoría de la evolución provocaron las sospechas del Vaticano y que se le impidieron publicar en vida sus obras sobre temas religiosos. A la concepción materialista del darwinismo y del positivismo, Teilhard de Chardin opuso una cosmología que, pese a reconocer la validez del principio de la evolución, e incluso extendiéndolo a la realidad espiritual, rechazaba una interpretación puramente determinista y materialista del mismo. De manera que su evolucionismo se desarrolla en una dimensión de un futuro cósmico-cristológico. El jesuita francés manifestó su creencia en el universo como una evolución, en la dirección de la evolución hacia el espíritu, en la realización del espíritu en algo personal y en el Cristo-Universal como lo personal supremo. Entre sus obras principales, publicadas todas póstumas, tenemos: El fenómeno humano (1955); La aparición del hombre (1956); La concepción del pasado (1957); El medio divino (1957) y El porvenir del hombre (1959). 
649 |a XX 
650 |a Jesuitas Franceses -  |x Historia y Crítica 
650 |a Religiosos Franceses -  |x Historia y Crítica 
650 |a Teólogos Franceses -  |x Historia y Crítica 
650 |a Científicos Franceses -  |x Historia y Crítica 
650 |a Cristología 
650 |a Paleontología 
650 |a Evolucionismo 
650 |a Cosmología 
650 |a Religión y Ciencia 
650 |a Filosofía y Religión 
650 |a Epistemología 
650 |a Teilhard de Chardin, Pierre -  |x Tema Principal 
700 |a Gallegos Rocafull, José M.  |e (prólogo y traducción) 
910 |a Fondo General 
920 |a Impresos - Libros 
930 |a Colección General 
905 |a 101 
901 |a 0500122836  |b IT1  |c ACC  |u 20250521 
902 |a https://opac.biblio.iteso.mx/vufind/Record/000182665